MDQL
is popping MORE tags! Check the
thread
!
Quizzes
Events
Quiz Creation
Community
Videos
Private Events
Remove Ads
Sign In
Join for FREE
Feedback
Dark Mode
Quiz Categories
Sports
Geography
Music
Movies
Television
Just For Fun
Miscellaneous
History
Literature
Language
Science
Gaming
Entertainment
Religion
Holiday
For Kids
Quiz Lab
Recent
Popular Today
Quiz Kudos Today
Editor Picks
Curator Picks
Quizzes by...
Day
Popularity
Type
Ratings
Length
Year
Community
Subscriptions
Recent Discussions
Orange Saloon
Badges
Playlists
Quests
Create
Leaderboards
Showdown
Live 5
Trivia Bingo
Activity
Puzzle Library
Sporcle Events
Private Events
Virtual Trivia
Globe League
Become a Host
Pub Owners
SporcleCon
Opinionation
Our Games
Videos
Blog
Mobile Apps
Partnerships
Remove Ads and Go Orange
Feedback
Just For Fun
Clickable
Get the Picture
Humor
Quick Pick
Word Ladder
Missing Word
Mixed Word
Blitz
Minefield
This or That
Alphabet
Color
Typing
Sporcle
Puzzle
Word Play
Follow That Line
Logic
Just For Fun
Clickable
Get the Picture
Humor
Quick Pick
Word Ladder
Missing Word
Mixed Word
Blitz
Minefield
This or That
Alphabet
Color
Typing
Sporcle
Puzzle
Word Play
Follow That Line
Logic
Random Quiz
Search Sporcle
×
Quiz Lab
Quiz Lab
Just For Fun
MST3K-riffed
Select answers by clicking on text or image buttons
Select answers by clicking on text or image buttons
Clickable
Best Score? Go Orange.
MST3K: Space Mutiny Nicknames (Real or Made Up?) Stats
Can you pick the real nicknames of David Ryder from Space Mutiny, as lambasted by Mike and the Bots, versus those I just made up?
By
johnspotter90
8m
40 Questions
70 Plays
70 Plays
70 Plays
Comments
Comments
Give Quiz Kudos
Give Quiz Kudos
-
- Ratings
hide this ad
Random Order
Randomize order of answers
Randomize order of answers
Replay
Link that replays current quiz
Next Quiz
Link to next quiz in quiz playlist
You Got
0%
They Got
Avg Score
78%
Avg Friend Score
Upgrade to see
Score Distribution
Jump to the score distribution portion of the page
Score
0/40
Timer
08:00
0
Plays Today
% Correct
Slab Bulkhead
88.6%
Trunk Slamchest
88.6%
Big McLargehuge
88.6%
Blast Hardcheese
87.1%
Bob Johnson...oh, wait...
87.1%
Butch Deadlift
85.7%
Thick McRunfast
85.7%
Punch Rockgroin
85.7%
Slab Squatthrust
84.3%
Fridge Largemeat
82.9%
Bolt Vanderhuge
82.9%
Smash Lampjaw
82.9%
Dirk Hardpeck
82.9%
Punch Sideiron
82.9%
Blast Thickneck
82.9%
Gristle McThornbody
81.4%
Splint Chesthair
78.6%
Crud Bonemeal
78.6%
Brick Hardmeat
78.6%
Rip Slagcheek
78.6%
% Correct
Buff Hardback
78.6%
Roll Fizzlebeef
78.6%
Bold Bigflank
77.1%
Slake Fistcrunch
77.1%
Smoke Manmuscle
77.1%
Buff Drinklots
74.3%
Fist Rockbone
74.3%
Buck Plankchest
74.3%
Rip Steakface
74.3%
Crunch Buttsteak
74.3%
Hack Blowfist
74.3%
Punt Speedchunk
72.9%
Flint Ironstag
72.9%
Slate Slabrock
72.9%
Stump Beefgnaw
71.4%
Lump Beefbroth
71.4%
Reef Blastbody
70%
Beat Punchbeef
70%
Stump Chunkman
68.6%
Touch Rustrod
58.6%
Quiz Playlist
Details
Report
Send in Message
Add To Playlist
Clickable:
Select answers by clicking on text or image buttons
Random Order:
Randomize order of answers
Last Updated: Feb 16, 2017
Quiz Scoreboard
CHALLENGE
Sign Up to Join the Scoreboard
Show All
Scores
Hide
Comments
May contain spoilers
Recently Published
1-10 Letter E Words III
by El_Dandy
Language
2m
Street Fighter Characters
by Artimus82
Gaming
60s
College Basketball Coaching Resumes
by pancakes188
Sports
9m
More to Explore
Quiz From the Vault
Featured Blog Post
Where Did the Easter Bunny Come From?
hide this ad
You Might Also Like...
Tags
Dave
mst3k
MST3K-riffed
nickname
Parody
Ryder Cup
Today's Top Quizzes in Just For Fun
Browse Just For Fun
hide this ad
Top Contributed Quizzes in Just For Fun
1
Name Just One - 10 to 1: Just For Fun
2
Killer Double Trees 224 - Colour Match-Up
3
Spring Typing Challenge
4
Crossword Whiteout! 49
5
Zeroing In: Just For Fun
6
Survivor Winners Logic Puzzle
7
Word Ladder: Ahoy Matey
8
Word Ladder: Wilderness Weapon
9
Clickable Animal Jokes #2
10
Kyle's 122nd Triple Trees
Explore More
Trending Topics
Kpop
Marvel
NBA
Harry Potter
Disney
Anime
Crossword
Pokémon
NFL
Soccer
Song
Puzzle
Country
WWE
The Office
hide this ad
More By:
johnspotter90
Quiz
Plays
Rating
Category
Featured
Created
Follow That Line: Game of Thrones (Season 1)
3,998
4.86
Television
May 19, 2016
Follow That Line: Game of Thrones (Season 6)
3,412
4.85
Television
Jun 27, 2016
The Witcher 3: Wild Hunt Characters
3,348
4.00
Gaming
Jul 14, 2016
The Military History Challenge I
3,160
4.83
History
Aug 26, 2016
A Song of Ice and Fire Clickable Timeline
3,083
3.71
Literature
Jun 4, 2015
Go to Creator's Profile
Score Distribution
Quiz Creator Spotlight
johnspotter90
Follow
Send a Message
Quizzes Created
-
Created Quiz Play Count
-
More By This Creator
Popular Quizzes Today
1
Find the US States - No Outlines Minefield
2
Find the Countries of Europe - No Outlines Minefield
3
Find the US States
4
The Countries of the World
5
Risky Map Clicking: Biggest States A-Z
6
US States
7
Popular People in 1961
8
Movies - When Are They Set?
More Just For Fun Quizzes
Missing Word: 1980s 'P' Song Endings
Published
Trending Quizzes
Risky Map Clicking: Least Populous States A-Z
1-10 Letter G Words
Countries of the World: 200 Million BC
1-10 Letter F Words
Risky Map Clicking: Next State Alphabetically
Recently Updated
Largest US Cities 1790-2010
pecheneg
Rides in Walt Disney World
pecheneg
Most Oscar Losses (Acting)
pecheneg
Beyoncé Albums
pecheneg
Leaping Animals
pecheneg
Reality TV Shows (A-Z)
bhenderson79
Rickey Henderson's Hall of Fame Teammates
pecheneg
Champions League XIs: Arsenal
pecheneg
Quick Pick: Celebrities in WWE's Hall of Fame
aduchscher
A-Z Keypad Blitz II
pecheneg
Trending Topics
NBA
Anime
Kpop
Crossword
Marvel
Harry Potter
Disney
Soccer
Pokémon
The Office
Puzzle
Country
WWE
NFL
Song
Your Account Isn't Verified!
In order to create a playlist on Sporcle, you need to verify the email address you used during registration. Go to your
Sporcle Settings
to finish the process.
Report this User
Report this user for behavior that violates our
Community Guidelines
.
Details:
Send Report
Go to the Sporcle.com Mobile Site →
Comments